Potential value

Bibliographic Details
Main Author: Gopala Krishnan, S.
Format: Book
Published: 1975
Subjects:

MARC

LEADER 00000cam a2200000 7i4500
001 0000016676
005 20060619.0
040 |a INS 
090 0 0 |a KK215 
100 1 |a Gopala Krishnan, S. 
245 1 0 |a Potential value   |c S. Gopala Krishnan 
260 |a 1975 
300 |a 8 p. ;   |c 29 cm. 
650 0 0 |a Value 
999 |a KK00000512   |b BOOK   |c Open Shelf   |e Default branch